One Piece - Equipage du Roux - Statistiques

Statistiques générales
  • Ce quiz a été pris 79 fois
  • Le résultat moyen est 6 sur 11
Statistiques - réponses
Réponse % Correct
Shanks
98%
Yasopp
95%
Ben Beckman
94%
Lucky Roo
94%
Rockstar
66%
Building Snake
34%
Bonk Panchi
31%
Hongo
31%
Howling Gab
31%
Monstar
29%
Slimjuice
2%
Aucun quiz correspondant
Distribution des résultats
% des personnes avec chaque résultat
Percentile par nombre de réponses
Votre historique - résultats
Vous n’avez pas pris ce quiz